<?xml version="1.0" encoding="UTF-8"?>
<resp>
  <nextPage>https://data.bn.org.pl/api/networks/bibs.marcxml?marc=001+b0000660000174&amp;sinceId=660000175</nextPage>
  <collection>
    <record xmlns='http://www.loc.gov/MARC21/slim'><leader>01280nam a2200433 i 4500</leader><controlfield tag='001'>b0000660000174</controlfield><controlfield tag='005'>20241203215348.9</controlfield><controlfield tag='008'>191004s1985    pl a         |000 1 pol  </controlfield><controlfield tag='009'>9912861167905606</controlfield><datafield ind1=' ' ind2=' ' tag='020'><subfield code='x'>8370010587</subfield></datafield><datafield ind1=' ' ind2=' ' tag='035'><subfield code='a'>RAD_3RAD_3_6897-48omnis_rad</subfield></datafield><datafield ind1=' ' ind2=' ' tag='035'><subfield code='a'>(ATEO_Group)RAD_3_6897</subfield></datafield><datafield ind1=' ' ind2=' ' tag='035'><subfield code='a'>MD..20191004081047057952.</subfield></datafield><datafield ind1=' ' ind2=' ' tag='035'><subfield code='a'>(PL)b0000660000174</subfield></datafield><datafield ind1=' ' ind2=' ' tag='040'><subfield code='a'>RAD_3</subfield><subfield code='c'>RAD_3</subfield></datafield><datafield ind1='0' ind2=' ' tag='041'><subfield code='a'>pol</subfield></datafield><datafield ind1=' ' ind2=' ' tag='080'><subfield code='a'>I/N</subfield></datafield><datafield ind1=' ' ind2=' ' tag='080'><subfield code='a'>821.162.1-93</subfield></datafield><datafield ind1='1' ind2=' ' tag='100'><subfield code='a'>Szelburg-Zarembina, Ewa</subfield></datafield><datafield ind1='1' ind2='0' tag='245'><subfield code='a'>Przygody misia /</subfield><subfield code='c'>Ewa Szelburg-Zarembina ; il. Maria Uszacka.</subfield></datafield><datafield ind1=' ' ind2=' ' tag='260'><subfield code='a'>Warszawa:</subfield><subfield code='b'>&quot;Alfa&quot;</subfield><subfield code='c'>1985.</subfield></datafield><datafield ind1=' ' ind2=' ' tag='300'><subfield code='a'>45 s. :</subfield><subfield code='b'>il. kolor. ;</subfield><subfield code='c'>21 cm.</subfield></datafield><datafield ind1=' ' ind2=' ' tag='380'><subfield code='a'>Książki</subfield></datafield><datafield ind1=' ' ind2='9' tag='650'><subfield code='a'>Opowiadanie dla najmłodszych</subfield></datafield><datafield ind1=' ' ind2='9' tag='650'><subfield code='a'>Literatura dziecięca polska</subfield></datafield><datafield ind1=' ' ind2='7' tag='655'><subfield code='a'>Literatura dziecięca polska</subfield><subfield code='y'>20 w.</subfield></datafield><datafield ind1='1' ind2=' ' tag='700'><subfield code='a'>Uszacka, Maria.</subfield><subfield code='e'>Il.</subfield></datafield><datafield ind1=' ' ind2=' ' tag='852'><subfield code='b'>48OMNIS_NETWORK</subfield><subfield code='8'>9912861167905606</subfield></datafield><datafield ind1=' ' ind2=' ' tag='852'><subfield code='b'>48OMNIS_RAD</subfield><subfield code='8'>991000001749507910</subfield></datafield><datafield ind1=' ' ind2=' ' tag='852'><subfield code='b'>48OMNIS_ZGI</subfield><subfield code='8'>991000039809707767</subfield></datafield><datafield ind1=' ' ind2=' ' tag='920'><subfield code='a'>8370010587</subfield></datafield></record>
  </collection>
</resp>
